| 000 | 00901cam a2200241 a 4500 | ||
|---|---|---|---|
| 001 | 000014689 | ||
| 005 | 20200929163903.0 | ||
| 008 | 950331s1980 ho b 000 0 spa d | ||
| 040 |
_aDO-SdBNP _bspa _cTxU _dDLC _dBNPHU |
||
| 082 |
_a320 _bR563P |
||
| 100 | 1 |
_aRietti, Mario. _933294 |
|
| 245 | 1 | 0 |
_aProgramas y políticas de desarrollo / _cMario Rietti ; prólogo Céleo Arias Moncada ; notas de presentación Edward Marasciulo. |
| 260 |
_aTegucigalpa, Honduras : _b[s.n.], _c1980. |
||
| 300 |
_a120 p. ; _c21 cm. |
||
| 504 | _aIncluye referencias bibliográficas (p. 113-116). | ||
| 651 | 4 |
_aHondura _xPolítica Económica _933295 |
|
| 651 | 4 |
_aAmérica Latina _xPolítica Económica _99438 |
|
| 650 | 4 |
_aDesarrollo económico _xPlanificación _933296 |
|
| 700 | 1 |
_aArias Moncada, Céleo, _epról. _933297 |
|
| 700 | 1 |
_aMarasciulo, Edward _933298 |
|
| 910 | _aCatalogación derivada | ||
| 049 | _aBNGR | ||
| 999 |
_c14272 _d14272 |
||